<?xml version="1.0" encoding="UTF-8"?>
<record
    xmlns:xsi="http://www.w3.org/2001/XMLSchema-instance"
    xsi:schemaLocation="http://www.loc.gov/MARC21/slim http://www.loc.gov/standards/marcxml/schema/MARC21slim.xsd"
    xmlns="http://www.loc.gov/MARC21/slim">

  <leader>00636cam0a220021700 4500</leader>
  <controlfield tag="001">tmp15706998</controlfield>
  <controlfield tag="003">UPRA</controlfield>
  <controlfield tag="005">20190814090510.0</controlfield>
  <controlfield tag="008">951009s1965    it                  ita u</controlfield>
  <datafield tag="035" ind1=" " ind2=" ">
    <subfield code="a">(Sirsi) r77721</subfield>
  </datafield>
  <datafield tag="035" ind1=" " ind2=" ">
    <subfield code="a">(UPRA)tmp15706998</subfield>
  </datafield>
  <datafield tag="040" ind1=" " ind2=" ">
    <subfield code="c">UPRA</subfield>
  </datafield>
  <datafield tag="100" ind1="1" ind2=" ">
    <subfield code="a">Olivo, Oliviero Mario.</subfield>
    <subfield code="6">A37612.1</subfield>
  </datafield>
  <datafield tag="245" ind1="1" ind2="0">
    <subfield code="a">Atlante di anatomia microscopica /</subfield>
    <subfield code="c">[by] O.M. Olivo [and] G. Toni ...</subfield>
  </datafield>
  <datafield tag="260" ind1=" " ind2=" ">
    <subfield code="a">Milano :</subfield>
    <subfield code="b">Vallardi,</subfield>
    <subfield code="c">[1965]</subfield>
  </datafield>
  <datafield tag="500" ind1=" " ind2=" ">
    <subfield code="a">First published in 1953.</subfield>
  </datafield>
  <datafield tag="650" ind1=" " ind2="0">
    <subfield code="a">Histology.</subfield>
    <subfield code="6">S2176.1</subfield>
  </datafield>
  <datafield tag="700" ind1="1" ind2=" ">
    <subfield code="a">Toni, Giorgio.</subfield>
    <subfield code="6">A37613.1</subfield>
  </datafield>
  <datafield tag="949" ind1=" " ind2=" ">
    <subfield code="a">QM557</subfield>
    <subfield code="w">LC</subfield>
    <subfield code="i">-106759</subfield>
    <subfield code="m">MAIN</subfield>
    <subfield code="t">BOOK</subfield>
    <subfield code="l">ON-SHELF</subfield>
  </datafield>
  <controlfield tag="004">77721</controlfield>
  <datafield tag="999" ind1=" " ind2=" ">
    <subfield code="c">46040</subfield>
    <subfield code="d">46040</subfield>
  </datafield>
</record>
